Т. 2 : Основные типы приборов. Анализ характеристик генерирующих систем. Успехи и направление работ в отдельных странах; Электронные сверхвысокочастотные приборы со скрещенными полями

ग्रंथसूची विवरण
Parent link:Электронные сверхвысокочастотные приборы со скрещенными полями: пер. с англ./ под ред. М. М. Федорова. Т. 2 : Основные типы приборов. Анализ характеристик генерирующих систем. Успехи и направление работ в отдельных странах.— , 1961
भाषा:रूसी
प्रकाशित: 1961
विषय:
स्वरूप: पुस्तक
KOHA link:https://koha.lib.tpu.ru/cgi-bin/koha/opac-detail.pl?biblionumber=148642

MARC

LEADER 00000nam2a2200000 4500
001 148642
005 20231031145539.0
035 |a (RuTPU)RU\TPU\book\161171 
090 |a 148642 
100 |a 20081205d1961 km y0rusy50 ca 
101 1 |a rus  |c eng 
102 |a RU 
105 |a a z 001zy 
200 0 |a Т. 2 : Основные типы приборов. Анализ характеристик генерирующих систем. Успехи и направление работ в отдельных странах 
210 |d 1961 
215 |a 471 с.  |c ил. 
320 |a Библиография в конце глав. 
461 1 |0 (RuTPU)RU\TPU\book\177000  |t Электронные сверхвысокочастотные приборы со скрещенными полями  |o пер. с англ.  |o в 2-х томах  |f под ред. М. М. Федорова  |v Т. 2 : Основные типы приборов. Анализ характеристик генерирующих систем. Успехи и направление работ в отдельных странах  |d 1961 
610 1 |a электронные приборы 
610 1 |a сверхвысокочастотные приборы 
610 1 |a скрещенные поля 
675 |a 621.385.11  |v 3 
801 1 |a RU  |b 63413507  |c 20081205  |g PSBO 
801 2 |a RU  |b 63413507  |c 20150610  |g PSBO 
942 |c BK